000 00298nam a2200121Ia 4500
008 240731s9999 xx 000 0 und d
022 _a1944-1053
245 0 _aCongress & the Presidency
260 _bRoutledge
856 _uhttps://www.tandfonline.com/loi/uctp20
942 _2ddc
942 _cTFEJ
999 _c76040
_d76040
945 _a1
_bMadushi Gamage
_c1
_dMadushi Gamage